000 00321nam a2200109Ia 4500
008 220204s9999 xx 000 0 und d
082 _a339.1:634.573(4)
_bREP
245 0 _aReport of the Cashew trade delegation to West Europe
260 _aErnakulam
_bCahew Export Promotion Council
_c1962
650 _aCashew
942 _cBK
999 _c22351
_d22351